Country Sets II Quiz Stats

Quiz Updated Jul 6, 2016

Also try: Country Sets
Challenge
Share
Tweet
Embed
Score 0/40 Timer 06:00
32 Plays Today
% Correct
France
93.2%
Germany
91.7%
Turkey
91%
Vatican City
89.4%
Denmark
87.6%
Belgium
87.5%
New Zealand
87.3%
Argentina
86.6%
Spain
86.4%
Australia
86.1%
Portugal
85.5%
Chile
85.1%
Colombia
84.9%
Turkmenistan
84.6%
Sri Lanka
80.4%
Laos
80.3%
Greece
79.8%
Iran
79.7%
Iraq
78.5%
Andorra
77.4%
% Correct
Macedonia
76.3%
Kosovo
72.3%
Montenegro
71.3%
Comoros
68.5%
Oman
68%
Kyrgyzstan
67.8%
Maldives
64.5%
Azerbaijan
61.3%
Guinea-Bissau
55.6%
Costa Rica
52%
Côte d'Ivoire
40.7%
Monaco
40.4%
Liechtenstein
40.1%
Indonesia
37.8%
Burkina Faso
37.6%
Nigeria
34.3%
Dominican Republic
31.2%
Uzbekistan
30.9%
Tuvalu (Funafuti)
26.1%
Sierra Leone (Freetown)
20.4%

You're not logged in!

Compare scores with friends on all Sporcle quizzes.
Join for Free
OR
Log In

You Might Also Like...

Show Comments

Extras

Top Quizzes Today


Score Distribution

Your Account Isn't Verified!

In order to create a playlist on Sporcle, you need to verify the email address you used during registration. Go to your Sporcle Settings to finish the process.

Report this User

Report this user for behavior that violates our Community Guidelines.

Details: